| 000 | nam a22 a 4500 | ||
|---|---|---|---|
| 999 |
_c3553 _d3553 |
||
| 003 | BLK | ||
| 005 | 20230509142009.0 | ||
| 008 | 180412b bul|||||r ||||||| ||bul|| | ||
| 010 | _aKNG00004649000 | ||
| 020 | _a954-492-061-7 | ||
| 040 | _aBLK | ||
| 041 |
_aBUL _cBUL |
||
| 080 |
_aАмериканска литература (на САЩ) _b821.111(73) _x-31 _z821.111(73)-31 |
||
| 100 | 1 |
_aДжейкс, Джон _eпърви автор _9244028 |
|
| 139 |
_aДжейкс, Джон _bД 50 |
||
| 245 | 1 | 0 |
_aСага за фамилията Кент _bРоман : Кн. 1 - _cДжон Джейкс; прев. на том Иван Робанов. _nКн. 6 _pВойните на Америка |
| 257 | _aUSA | ||
| 260 |
_bНов Златорог _c1994 - _n954-492- _9209550 |
||
| 300 | _c20 см | ||
| 380 | _aX | ||
| 700 | 1 |
_aРобанов, Иван _eпрев. на том _gДимитров, Иван Георгиев _9247476 |
|
| 760 | 1 |
_aДжейкс, Джон _dНов Златорог, 1995 _h583 с. : със сх. _nОриг. загл. The warriors / John Jakes _tКн. 6 Войните на Америка |
|
| 852 |
_aЦб 174705 _bЦб |
||
| 856 | 4 |
_qpdf _u _i0.00 _ldisable |
|
| 856 | 4 |
_qpdf _u _i0.00 _ldisable |
|
| 942 |
_cKNG _n0 _s1 |
||
| 944 |
_aCR _c15.01.2003 _kВиолета_Тройчева |
||
| 944 |
_aED _c21.01.2011 |
||
| 999 | _d3553 | ||